Introduction to the mathematics of finance / (Record no. 144033)

MARC details
000 -LEADER
fixed length control field 00677nam a22001937a 4500
010 ## - LCCN (DPL NO)
LC control number ENG-120307
020 ## - INTERNATIONAL STANDARD BOOK NUMBER
International Standard Book Number 9780821868829
Terms of availability 640.00
035 ## - SYSTEM CONTROL NUMBER
System control number EN-103839
037 ## - SOURCE OF ACQUISITION
Source of stock number/acquisition DBAD/PUB
082 ## - DEWEY DECIMAL CLASSIFICATION NUMBER
Classification number 658.1
100 ## - MAIN ENTRY--PERSONAL NAME
Personal name Williams,R.J.
245 ## - TITLE STATEMENT
Title Introduction to the mathematics of finance /
Statement of responsibility, etc by R.J.Williams
260 ## - PUBLICATION, DISTRIBUTION, ETC. (IMPRINT)
Place of publication, distribution, etc Rhode Island (USA)
Name of publisher, distributor, etc American Mathematical Society
Date of publication, distribution, etc 2011
270 ## - ADDRESS
Address University Press-3-6-747/1A& 3-6-754/1 Himayat Nagar
City Hyderabad
Postal code 500029
300 ## - PHYSICAL DESCRIPTION
Extent viii,152p.
Dimensions 24cm(pbk)
490 ## - SERIES STATEMENT
Volume number/sequential designation Graduate Studies in Mathematics ; v.72
500 ## - GENERAL NOTE
General note Includes bibliographical references and index
942 ## - ADDED ENTRY ELEMENTS (KOHA)
Source of classification or shelving scheme Dewey Decimal Classification
Item type English Books
Classification part 658.1
Call number suffix WIL
Holdings
Withdrawn status Lost status Not for loan Collection code Home library Current library Date acquired Source of acquisition Cost, normal purchase price Full call number Barcode Copy number Cost, replacement price Koha item type
      Non-fiction Patel Nagar Patel Nagar 05/09/2017 DBAD/PUB 640.00 658.1 WIL EN-103839 1 640.00 English Books

© Delhi Public Library
Hit Counter
free hit counter